00662nam a22002297a 4500003000200000005001700002008000200019010001300021020002600034035002300060037001600083040001500099082001700114100002300131245007100154260004500225270006000270300002600330500004900356650001400405650001300419020180723181050.00 aB-129758 c995.00a9780195665031 aB-129758, B-125759 bCen Lib/Ret aDPLbENc0 a347.052bMEN aMenaski, Werner F. aHindu Law :cby Werner F. MenaskibBeyond tradition and modernity  aNew DelhibOxford University Pressc2005 aYMCA Library Building Jai Singh RoadbNew Delhie110001 axxii,648p. c24cm(Hb) aIncludes bibliographical reference and index aHindu law aHinduism